True / False Animal Facts - Statistics

General Stats
  • This quiz has been taken 133 times
  • The average score is 9 of 15
Answer Stats
Question Answer % Correct
Polar bears have black skin True
82%
Some species of elephant can have two trunks False
76%
Frogs do not need to drink water; they absorb it through their skin True
76%
Cheetahs are the world’s fastest land mammal True
71%
Pandas are always black and white False
65%
A seal’s ear is under its flipper False
65%
A flamingo can only eat when its head is upside down True
65%
Octopuses have two hearts False
59%
The kakapo is the heaviest living species of parrot True
59%
Although slow on land, sloths are generally excellent swimmers True
59%
Alpacas are generally smaller than llamas True
53%
Every giraffe has exactly 314 spots False
47%
A baby hedgehog is called a hoglet True
47%
A group of zebras is called a dazzle True
47%
Dolphins communicate using infrared waves False
35%
No matching quizzes found
Score Distribution
Percent of People with Each Score
Percentile by Number Answered
Your Score History
You have not taken this quiz